| 000 | 01354nam a2200349 c 4500 | ||
|---|---|---|---|
| 003 | BLK | ||
| 005 | 20221006104511.0 | ||
| 008 | 180410b bul|||||r ||||||| ||bul|| | ||
| 010 | _aKNG00159312000 | ||
| 020 |
_a978-619-150-197-7 _bиздат.: Колибри |
||
| 040 | _aBLK | ||
| 041 |
_aBUL _cBUL |
||
| 072 | 7 |
_2bullib _aН8301 _xТрилъри Н |
|
| 080 |
_aАмериканска литература (на САЩ) _b821.111(73) _x-312.4 _z821.111(73)-312.4 |
||
| 100 | 1 |
_aЕнгелман, Карън _eпърви автор _967190 |
|
| 700 | 1 |
_aМолев, Владимир Георгиев _eпрев. от англ. _998667 |
|
| 139 |
_aЕнгелман, Карън _bЕ 62 |
||
| 245 | 1 | 0 |
_aСтокхолмската октава _bРоман _cКарън Енгелман; прев. от англ. Владимир Георгиев Молев. |
| 257 | _aUSA | ||
| 260 |
_аСофия _bКолибри _c2014 _fСофия : Симолини |
||
| 300 |
_a399 с. _c21 см |
||
| 380 | _aX | ||
| 500 | _aОриг. загл. The Stockholm octavo / Karen Engelmann. | ||
| 653 | _aтрилъри | ||
| 653 | _aромани | ||
| 659 | _aН | ||
| 852 | _aЦб 268322 | ||
| 856 | 4 |
_qpdf _u |
|
| 856 | 4 |
_qpdf _u |
|
| 942 |
_cKNG _n0 _07 |
||
| 944 |
_aCR _c08.04.2014 _lф / _kЛюдмила_Стоянова |
||
| 944 |
_aED _c17.11.2016 _lф / _kПенка_Димитрова |
||
| 999 |
_c152793 _d152793 |
||